History - European | 2 | 7 | 0 | 0 | 100 | 43 | 84.33 | 1 | 2 |
History - World | 5 | 2 | 0 | 0 | 95 | 36 | 62.29 | 1 | 4 |
History - American | 2 | 6 | 0 | 0 | 90 | 59 | 87.88 | 0 | 2 |
History - Cross, Historiography, and Miscellaneous | 3 | 3 | 0 | 0 | 75 | 42 | 62.17 | 0 | 2 |
RMP - Philosophy | 2 | 3 | 0 | 0 | 60 | 51 | 77.80 | 1 | 1 |
Literature - British | 1 | 4 | 0 | 0 | 55 | 69 | 85.40 | 0 | 0 |
RMP - World Mythology | 1 | 3 | 0 | 0 | 45 | 68 | 95.25 | 0 | 0 |
Current Events - U.S. | 3 | 0 | 0 | 0 | 45 | 50 | 55.00 | 0 | 1 |
Geography - World | 0 | 4 | 0 | 0 | 40 | 66 | 99.75 | 0 | 0 |
RMP - Greco-Roman Mythology | 2 | 1 | 0 | 0 | 40 | 44 | 58.00 | 0 | 0 |
Literature - World and Miscellaneous | 0 | 3 | 0 | 0 | 30 | 70 | 108.67 | 0 | 0 |
Fine Arts - Painting | 1 | 1 | 0 | 0 | 25 | 61 | 65.50 | 0 | 0 |
Other - Other Academic and General Knowledge | 1 | 1 | 0 | 0 | 25 | 43 | 69.50 | 0 | 1 |
Literature - European | 0 | 2 | 0 | 0 | 20 | 70 | 91.00 | 0 | 0 |
Literature - American | 0 | 2 | 0 | 0 | 20 | 118 | 124.50 | 0 | 0 |
RMP - Christian Practice | 0 | 2 | 0 | 0 | 20 | 69 | 93.00 | 0 | 0 |
Social Science - Economics | 0 | 2 | 0 | 0 | 20 | 108 | 119.00 | 0 | 0 |
Fine Arts - Photography | 1 | 0 | 0 | 0 | 15 | 42 | 42.00 | 0 | 0 |
Fine Arts - Architecture | 1 | 0 | 0 | 0 | 15 | 49 | 49.00 | 0 | 0 |
Social Science - Other | 1 | 0 | 0 | 0 | 15 | 28 | 28.00 | 0 | 1 |
Social Science - Psychology | 0 | 1 | 0 | 0 | 10 | 75 | 75.00 | 0 | 0 |
RMP - Hebrew Bible | 0 | 1 | 0 | 0 | 10 | 89 | 89.00 | 0 | 0 |
RMP - Islam | 0 | 1 | 0 | 0 | 10 | 97 | 97.00 | 0 | 0 |
RMP - Jewish Practice | 0 | 1 | 0 | 0 | 10 | 83 | 83.00 | 0 | 0 |
Social Science - Sociology | 0 | 1 | 0 | 0 | 10 | 72 | 72.00 | 0 | 0 |
Fine Arts - Sculpture | 0 | 1 | 0 | 0 | 10 | 79 | 79.00 | 0 | 0 |
Fine Arts - Music | 0 | 1 | 0 | 0 | 10 | 50 | 50.00 | 0 | 0 |
Geography - United States | 0 | 1 | 0 | 0 | 10 | 67 | 67.00 | 0 | 0 |
Current Events - World | 0 | 1 | 0 | 0 | 10 | 63 | 63.00 | 0 | 0 |
Science - Astronomy | 0 | 1 | 0 | 0 | 10 | 117 | 117.00 | 0 | 0 |
RMP - New Testament | 0 | 0 | 0 | 0 | 0 | | 0.00 | 0 | 0 |
Fine Arts - Film | 0 | 0 | 0 | 0 | 0 | | 0.00 | 0 | 0 |
Science - Biology | 0 | 0 | 0 | 0 | 0 | | 0.00 | 0 | 0 |